00535 2200205 4500001002100000005001700021008004100038035002400079082001100103090001900114245003300133260005400166300002400220650002600244850001400270980001500284985000600299986000900305999001500314YOGYA-0209000004416820090227030337.0 ind  0010-020900000044168 a910.91 a910.91bIndlT aINDONESIA calendar of events aJakartabThe Directorate General of Tourismc1998 a90 hlmbilusc21 cm aPariwisata, Indonesia aYOPDYOG B a12-11-2007 a1 aRuni a07A0026788